000 00837nam a2200229 a 4500
008 080515s2008 ||||||||||||||||| || u
020 _a9780821372111
050 _aIBRD(06)DD/2008/5
100 _aSaich, Tony
245 1 0 _aChina urbanizes: consequences, strategies and policies
260 _aWashington, D.C.
_bWorld Bank
_c2008
300 _axiv, 213p. :ill
350 _a0.00
490 _aDirections in development (Countries and Regions)
650 _aCHINA--POPULATION
650 _aCITY PLANNING--CHINA
650 0 _aCHINA--ECONOMIC CONDITIONS--2000-
650 _aURBANIZATION--CHINA
700 _aYusuf, Shahid
710 _aWorld Bank
995 _D0.00
_FCBU-MAIN LIBRARY (Kitwe)
_H1
_I0.00
_M1
_UAVAILABLE
_WAug 28, 2008
_ZInternational Publications
999 _c37313
_d37313